Пропуск в контексте

Техника и безопасностъ объектов уголовно-исполнительной систем. Том 2 Материалы конференций

В сборник включены материалы Международной научно-практической конференции проведенной на базе Воронежского института ФСИН России. В статьях представленных в сборнике рассматриваются актуальные проблемы касаемые современных технических средств охраны систем связи и защиты информации организации охра...

תיאור מלא

שמור ב:
מידע ביבליוגרפי
פורמט: Материалы конференций
גישה מקוונת:https://znanium.com/catalog/document?id=426393
https://znanium.com/cover/1996/1996328.jpg
תגים: הוספת תג
אין תגיות, היה/י הראשונ/ה לתייג את הרשומה!
LEADER 02872nam0a2200289 i 4500
001 RU\infra-m\znanium\bibl\1996328
003 https://znanium.com/catalog/document?id=426393
005 20230215000000.0
010 |a 978-5-6048659-9-6 
100 |a 20230215d2023 m y0rusy0150 ca 
101 0 |a rus 
102 |a RU 
200 1 |a Техника и безопасностъ объектов уголовно-исполнительной систем. Том 2  |e Материалы конференций  |f Воронежский институт Федеральной службы исполнения наказаний России 
210 1 |a Иваново  |c ПресСто  |d 2022 
215 |a 452 с. 
330 |a В сборник включены материалы Международной научно-практической конференции проведенной на базе Воронежского института ФСИН России. В статьях представленных в сборнике рассматриваются актуальные проблемы касаемые современных технических средств охраны систем связи и защиты информации организации охраны и конвоирования актуальные проблемы уголовно-правовых и пенитенциарных дисциплин проблемы правового регулирования обеспечения безопасности в контексте реформирования УИС. Сборник адресован преподавателям курсантам слушателям образовательных учреждений ФСИН России научным и практическим работникам уголовно-исполнительной системы. 
333 |a ВО - Магистратура 
606 |a Право. Юридические науки  |x Уголовно-исполнительное право  |2 local 
608 |a Материалы конференций  |2 local 
675 |a 343  |z rus 
686 |a 67409  |2 rubbk 
686 |a 40.04.01  |2 okso 
686 |a 40.05.02  |2 okso 
702 1 |a Печенин  |b Е.А.  |g Евгений Александрович  |p Воронежский институт Федеральной службы исполнения наказаний России  |r Ответственный редактор 
801 0 |a RU  |b Общество с ограниченной ответственностью «ЗНАНИУМ»  |c 20230210  |2 rusmarc 
856 4 |a znanium.com  |m ebs_support@infra-m.ru  |n НИЦ ИНФРА-М  |u https://znanium.com/catalog/document?id=426393 
856 4 1 |a znanium.com  |d /cover/1996  |f 1996328.jpg  |q image/jpeg  |u https://znanium.com/cover/1996/1996328.jpg